000 004690000a22001810004500
003 LK-CoMWRAF
005 20231103141648.0
008 230817t ||||| |||| 00| 0 eng d
040 _aLK-CoMWRAF
_dLK-CoMWRAF
_eLK-CoMWRAF
041 _aeng
082 _a823
_bWIC
100 _aWickramasinghe, Martin
245 _aMadol doova
260 _bTisara Prakasakayo
_aSri Lanka (Dehiwela)
_c1947
300 _ap.135
650 _aEnglish Fiction--Sri Lankan
942 _cBK
999 _c1821
_d1821